| 000 | 00916nam a2200229Ia 4500 | ||
|---|---|---|---|
| 999 |
_c39622 _d39622 |
||
| 001 | 6222 | ||
| 003 | GE_BSU | ||
| 005 | 20190528201036.0 | ||
| 008 | 181216s1964||||ge |||||||||||||| ||geo|| | ||
| 040 | _cGE_BSU | ||
| 041 | _ageo | ||
| 080 | _a543(075.8) ე-78 | ||
| 100 |
_aერისთავი, დ. ი. _91782 |
||
| 245 |
_aანალიზური ქიმიის კურსი : სახელმძღვ. / _cდ. ი. ერისთავი ; რედ : თ.კობერიძე. |
||
| 250 | _aმეორე გამოცემა. | ||
| 264 |
_aთბილისი : _bცოდნა, _c1964. |
||
| 300 |
_a360 გვ .: _cილ. და ცხრილ; 1ფ. სქემ _b26 სმ. |
||
| 653 | _aანალიზური ქიმია | ||
| 653 | _a ქიმია | ||
| 700 |
_aკობერიძე, თ _eრედაქტორი _91783 |
||
| 942 |
_cBK _2udc |
||